| 000 | 00689nam a2200229 b 4500 | ||
|---|---|---|---|
| 003 | OSt | ||
| 005 | 20141031112649.0 | ||
| 008 | 000926s2000 sp | ||| ||spa | ||
| 020 | _a84-368-1410-X | ||
| 040 | _cBMC | ||
| 082 | _a658.15 | ||
| 082 | _a332.068 | ||
| 100 | 1 |
_aMartín, Miguel _926555 _qMartín Fernández |
|
| 245 | 1 | 0 |
_aCasos prácticos de dirección financiera _cMiguel Martín Fernández, Pedro Martínez Solano |
| 260 |
_aMadrid _bPirámide _c2000 |
||
| 300 |
_a276 p. _bgráf. _c24 cm |
||
| 490 | 1 | _aEconomía y empresa | |
| 650 | 2 | 4 |
_aEmpresas _95713 _xFinanzas |
| 650 | 2 | 4 |
_aDirección financiera _96088 |
| 700 | 1 |
_aMartínez Solano, Pedro _926556 |
|
| 942 |
_2ddc _cBK |
||
| 999 |
_c14571 _d14571 |
||